Doctrinas esenciales. Derecho comercial

Salvato in:
Dettagli Bibliografici
Autore principale: Tavolari Oliveros, Raúl (Autore)
Natura: Libro
Lingua:spagnolo
Pubblicazione: Santiago PUNTOLEX 2010
Santiago Jurídica de Chile 2010
Edizione:1a. ed
Serie:Revista de Derecho y Jurisprudencia. Edición Bicentenario
Soggetti:
Tags: Aggiungi Tag
Nessun Tag, puoi essere il primo ad aggiungerne!!

MARC

LEADER 00000nam a2200000 a 4500
001 UCG3353
003 CL-VaPUC
008 100826e20100000cl |||||||||||||||||spa|d
020 |a 9789563370195 
082 0 4 |a 346.83  |b TAV  |2 21 
100 0 |a Tavolari Oliveros, Raúl  |e author  |9 520639 
245 1 0 |a Doctrinas esenciales. Derecho comercial 
246 1 0 |a Derecho comercial 
250 |a 1a. ed 
300 |a 1017 p 
942 |c BK 
945 |d 20100826 00:00:00  |a cmena 
260 |a Santiago  |b PUNTOLEX  |c 2010 
260 |a Santiago  |b Jurídica de Chile  |c 2010 
650 0 |a Derecho comercial   |9 256340 
650 0 |a Derecho tributario  |9 258895 
650 0 |a Jurisprudencia  |9 255952 
650 0 |a Contratos  |9 255153 
650 7 |a SEGUROS  |2 CL-VaPUC  |9 552424 
583 |a last modification  |c 20171211 12:31:34  |k Rodrigo Vera 
490 0 |a Revista de Derecho y Jurisprudencia. Edición Bicentenario 
999 |c 342424  |d 342422 
952 |0 0  |1 0  |4 0  |6 346_830000000000000_TAV_2010_2010  |7 0  |8 A  |9 438604  |a BIBDER  |b BIBDER  |d 2019-11-22  |i 4704142  |l 5  |o 346.83 TAV 2010 2010  |p 4704142  |r 2024-01-11  |s 2024-01-11  |w 2019-11-22  |y BK  |k DER